Normal view
MARC view
- Hashmi, Salsabeel Fatima
Entry Personal Name
001 - CONTROL NUMBER
- control field: 109140
003 - CONTROL NUMBER IDENTIFIER
- control field: NUST
005 - DATE AND TIME OF LATEST TRANSACTION
- control field: 20230216121242.0
008 - FIXED-LENGTH DATA ELEMENTS
- fixed length control field: 230216|| aca||aabn | a|a d
040 ## - CATALOGING SOURCE
- Original cataloging agency: NUST
- Transcribing agency: NUST
100 ## - HEADING--PERSONAL NAME
- Personal name: Hashmi, Salsabeel Fatima
670 ## - SOURCE DATA FOUND
- Source citation: Work cat.: (NUST): Hashmi, Salsabeel Fatima, A Tri-Modal Approach for Real-Time Emotion Analysis and Engagement Detection During E-Learning Using Webcams and Microphones
